000 00925nam a22002657a 4500
005 20250804143227.0
008 250804b |||||||| |||| 00| 0 eng d
020 _a978-81-9479880-1-9 (hbk)
037 _cRR
040 _aCRL
_cCRL
041 _2URD
_aURD
084 _aO168,6M17x R3.1-.3
_bCRL
245 _aKulliyat-e-khutbat-e-Sir Sayed
260 _aLucknow, India:
_bExtra Ordinary life media,
_c2022.
300 _a462p. (Vol.1)
300 _a462p. (Vol.2)
300 _a462p. (Vol.3)
365 _b2000.00
_cINR
440 _vVol.1-3
650 _aUrdu Literature
650 _aUrdu Prose
_926866
700 _aAta Khursheed
_eCompiler
_9817165
942 _2CC
_cREF
_hO168,6M17x R3.1-.3
_n0
999 _c1434505
_d1434505